| 000 | 00563nam a2200157 i 4500 | ||
|---|---|---|---|
| 001 | 30246 | ||
| 003 | ES-MaACL | ||
| 005 | 20230906154149.0 | ||
| 007 | t| | ||
| 008 | 030124s1972 sp ||||1| spa d | ||
| 100 | 1 |
_aBassegoda i Amigó, Buenaventura. _926308 |
|
| 245 | 1 | 0 |
_aGlosario de dos mil voces usuales en la técnica edificatoria... y equivalencia en alemán, catalán, francés, inglés e italiano / _cBuenaventura Bassegoda i Amigó. |
| 260 |
_aBarcelona : _bGustavo Gili, _c[1972] |
||
| 300 |
_a403 p. ; _c21 cm. |
||
| 852 |
_aES-MaACL _jC-48880 _bR.82572 |
||
| 999 |
_c30246 _d30246 |
||